000
00216 a2200097 4500
001
42689
100
_a
Arnold
245
_a
The true book about the commando
260
_a
London
_b
Frederick
_c
090
_c
26583
_d
26583
942
_a
NUST-CAE
_c
M
_c
18428
999
_c
277762
_d
277762